=LDR 00000nam 2200000 4500 =001 INLIS000000000031395 =005 20130612133453 =008 ***********************************Ind** =035 ##$$0010-061300000031395 =041 ##$$a Ind =082 ##$$a 347.04 =090 ##$$a 347.04, Bak c =100 ##$$a Bakhtiar, Herlina Suyati =245 ##$$a Contoh akta notaris dan akta di bawah tangan buku II bagian 1 mengenai Akta-akta notaris untuk perbankan dan perusahaan multi finance, Herlina Suyati Bakhtiar =260 ##$$a 2003 $b Bandung =300 ##$$a viii, 393 hlm, 22 cm =650 ##$$a Akta Notaris =850 ##$$a NBPNMAT =990 ##$$a 0001/BPAP-NTB/20142014 =990 ##$$a 0351/BPAP-NTB/2016